Catálogo
 En Linea

Yo disparé contra Caamaño / (Registro nro. 26376)

Detalles MARC
000 -CABECERA
campo de control de longitud fija 01002nam a2200289 i 4500
001 - NÚMERO DE CONTROL
campo de control 000026884
003 - IDENTIFICADOR DEL NÚMERO DE CONTROL
campo de control DO-SdBNP
005 - FECHA Y HORA DE LA ÚLTIMA TRANSACCIÓN
campo de control 20231006094253.0
007 - CAMPO FIJO DE DESCRIPCIÓN FÍSICA--INFORMACIÓN GENERAL
campo de control de longitud fija ta
008 - DATOS DE LONGITUD FIJA--INFORMACIÓN GENERAL
campo de control de longitud fija 110328s1987 dr abc 000 0 spa d
040 ## - FUENTE DE LA CATALOGACIÓN
Centro catalogador/agencia de origen DO-SdBNP
Lengua de catalogación spa
Centro/agencia transcriptor BNPHU
Normas de descripción rda
082 ## - NÚMERO DE LA CLASIFICACIÓN DECIMAL DEWEY
Número de clasificación 972.93054
Número de documento/Ítem G216y
Número de edición 22
100 1# - ENTRADA PRINCIPAL--NOMBRE DE PERSONA
Nombre de persona García Reyes, Federico
9 (RLIN) 46011
245 10 - MENCIÓN DE TÍTULO
Título Yo disparé contra Caamaño /
Mención de responsabilidad, etc. Federico García Reyes.
264 #1 - PRODUCCIÓN, PUBLICACIÓN, DISTRIBUCIÓN, FABRICACIÓN Y COPYRIGHT
Producción, publicación, distribución, fabricación y copyright Santo Domingo :
Nombre del de productor, editor, distribuidor, fabricante Taller,
Fecha de producción, publicación, distribución, fabricación o copyright 1987.
300 ## - DESCRIPCIÓN FÍSICA
Extensión 147 páginas
Otras características físicas ilustraciones, mapa, retratos
Dimensiones 21 cm.
336 ## - TIPO DE CONTENIDO
Fuente rdacontent
Término de tipo de contenido texto
Código de tipo de contenido txt
337 ## - TIPO DE MEDIO
Fuente rdamedia
Nombre/término del tipo de medio sin mediación
Código del tipo de medio n
338 ## - TIPO DE SOPORTE
Fuente rdacarrier
Nombre/término del tipo de soporte volumen
Código del tipo de soporte nc
490 1# - MENCIÓN DE SERIE
Mención de serie Biblioteca Taller
Designación de volumen o secuencia 240
500 ## - NOTA GENERAL
Nota general Incluye datos biográficos del autor en la contracubierta
590 ## - NOTA LOCAL (RLIN)
Nota local Inventariado, 2019/MFF
600 14 - PUNTO DE ACCESO ADICIONAL DE MATERIA--NOMBRE DE PERSONA
Nombre de persona CAAMAÑO DEÑÓ, FRANCISCO ALBERTO,
Fechas asociadas al nombre 1932-1973
9 (RLIN) 10026
651 #4 - PUNTO DE ACCESO ADICIONAL DE MATERIA--NOMBRE GEOGRÁFICO
Nombre geográfico República Dominicana
Subdivisión general Historia
Subdivisión cronológica REVOLUCIÓN, 1965
9 (RLIN) 2167
910 ## - DATOS DE OPCIÓN DEL USUARIO (OCLC)
Datos de opción del usuario Validado. Control de calidad EMS
942 ## - ELEMENTOS DE PUNTO DE ACCESO ADICIONAL (KOHA)
Fuente del sistema de clasificación o colocación Dewey Decimal Classification
Tipo de ítem Koha Libro
Existencias
Estado de retiro Estado de pérdida Restricciones de uso No para préstamo Código de colección Localización permanente Ubicación/localización actual Ubicación en estantería Fecha de adquisición Número de inventario Total de préstamos Signatura topográfica completa Código de barras Fecha visto por última vez Número de copia Precio válido a partir de Tipo de ítem Koha Fuente del sistema de clasificación o colocación
      Excluido de préstamo Patrimonio Dominicano Biblioteca Nacional Pedro Henríquez Ureña Biblioteca Nacional Pedro Henríquez Ureña Depósito 28.03.2011 LF1   972.93054 G216y 26884-10 25.06.2020   25.06.2020 Libro Dewey Decimal Classification
      Excluido de préstamo Patrimonio Dominicano Biblioteca Nacional Pedro Henríquez Ureña Biblioteca Nacional Pedro Henríquez Ureña Depósito 28.03.2011 LF1   972.93054 G216y 26884-20 25.06.2020 e.2 25.06.2020 Libro Dewey Decimal Classification
  Extraviado     Dominicana de Servicio General General Extraviado 28.03.2011 LF1   972.93054 G216y 26884-30 25.06.2020 e.3 25.06.2020 Libro y Folleto Colección Dominicana de Servicio  
  Extraviado     Dominicana de Servicio General General Extraviado 07.04.2011 LF1   972.93054 G216y 26884-40 25.06.2020 e.4 25.06.2020 Libro y Folleto Colección Dominicana de Servicio  
  Extraviado     Dominicana de Servicio General General Extraviado 08.02.2012 LF1   972.93054 G216y 26884-60 25.06.2020 e.5 25.06.2020 Libro y Folleto Colección Dominicana de Servicio  

Con tecnología Koha